000 00462nam a2200181Ia 4500
003 GCL
008 140319s9999 xx 000 0 eng d
040 _aGCL /
_cGCL
082 0 4 _a696.1
_bS B
100 1 _aSUNSET BOOKS
245 1 0 _aBASIC PLUMBING ILLUSTRATED /
_cSUNSET BOOKS
700 1 _aSUNSET MAGAZINE
260 _a[S.N] :
_bLANE PUBLISHING CO. ،
_c1989
300 _a96 P
650 0 4 _aPLUMBING
650 0 4 _aWATER CONSERVATIONS
942 _2ddc
_cBK
999 _c21268
_d21268